[Event "EU-chT (Men) 11th"]
[Site "Pula"]
[Date "1997.05.??"]
[Round "7.1"]
[White "Short, Nigel D"]
[Black "Chernin, Alexander"]
[Result "1-0"]
[WhiteElo "2690"]
[BlackElo "2635"]
[Annotator "King,D"]
[PlyCount "71"]
[EventDate "1997.05.05"]
[EventType "team-swiss"]
[EventRounds "9"]
[EventCountry "CRO"]
[SourceTitle "CBM 057 Extra"]
[Source "ChessBase"]
[SourceDate "1997.05.01"]
[SourceVersion "1"]
[SourceVersionDate "1997.05.01"]
[SourceQuality "1"]
[WhiteTeam "England"]
[BlackTeam "Hungary"]
[WhiteTeamCountry "ENG"]
[BlackTeamCountry "HUN"]

1. e4 d6 2. Nc3 g6 3. Bc4 Bg7 4. f4 e6 5. Nf3 Ne7 6. Bb3 c5 7. d4 cxd4 8. Nxd4
O-O 9. O-O a6 10. Kh1 Nbc6 11. Be3 Na5 12. a4 Qc7 {It was at this early stage
that I think Black missed a good chance:} (12... Nxb3 13. cxb3 ({if} 13. Nxb3 {
then Black would do the same -} f5) 13... f5 $1 {- making sure that White's
f-pawn goes no further. Black's next move is going to be ...e5, freeing the
light-squared bishop, and if} 14. exf5 gxf5 $1 {, again, with the idea of ...
e5. Black's centre pawns and two bishops give him dynamic counterplay which
compensate for his lack of development.}) 13. Qd3 Nec6 14. Rad1 Rd8 15. f5 {
There is no point in hanging around; Short strikes at Black's king before
Chernin has had a chance to develop his pieces on the queenside.} Ne5 16. Qe2
Nac4 17. Bc1 (17. f6 $5 Nxe3 18. Qxe3 Bh8 19. Nf5 $5 Bxf6 $1 {and White's
attack comes to naught.}) 17... Bd7 18. Qe1 $1 {Short correctly appraises that
the queen is, to a certain degree, dominated by Black's knights, so nudges her
nibs back a square so as to bounce out at h4.} Rdc8 19. Qh4 {The perfect
position for the queen, eyeing up the weakened dark squares on f6 and h6.
Naturally, this attack isn't quite the same as the others we have considered
so far, but it shows how strong the queen is on h4.} Qd8 20. Bg5 Qe8 21. f6 {
I think} (21. Bf6 {also deserved serious consideration. White wishes to
exchange dark-squared bishops before playing f6, increasing the chances of a
mate; and Black cannot capture on b2:} Nxb2 22. fxe6 fxe6 23. Bxg7 Kxg7 24.
Qf6+ Kg8 25. Nxe6) 21... Bh8 (21... Bf8 {is even more dangerous for Black as
his queen cannot move to f8 and so is cut from the defence.}) 22. Nf3 {The
most forceful but, at the same time, sound continuation.} ({What about} 22. Nf5
$5 {Black would have some uneasy moments before quelling White's initiative, 
(and in the heat of battle he might not even be able to do so). Here's a taste
of what could befall Black:} gxf5 (22... exf5 $2 23. Nd5) 23. exf5 Nxb2 24. Ne4
Nxd1 25. Nxd6 Qf8 26. Rxd1 Rc6 {and after} 27. Bh6 {or} (27. Qg3 {White has a
terrific attack though nothing absolutely clear. It's all good fun, but there
is no need to gamble in this way when the game continuation is so strong.}))
22... Nxb2 23. Rxd6 {A crafty way of 'defending' the knight on c3. If 23...
Rxc3 24 Nxe5 Rc7 25 Rfd1, with a crushing attack down the d-file; or 23...Nxf3
24 Rxf3 and the rook protects the knight.} Nbc4 24. Rd4 Nxf3 {A bit obliging.}
25. Rxf3 {Once the rook is on the third rank Black is on the brink.} Ne5 26.
Rh3 h5 27. Ne2 {The direct appoach. Short plans to sacrifice the knight on h5
and deliver mate on the h-file.} Rc5 28. Nf4 (28. Ng3 $2 Rc3) 28... Ng4 29.
Nxh5 (29. Rd2 $2 Rxg5 $1 30. Qxg5 Bxf6 31. Qc5 Bxa4 $132) 29... Rxg5 (29...
gxh5 30. e5 Rxe5 31. Rxg4 Re1+ 32. Qxe1 hxg4 33. Rxh8+ Kxh8 34. Qh4+ Kg8 35.
Bh6 {for instance.}) 30. Qxg5 Nf2+ 31. Kg1 Nxh3+ 32. gxh3 Bc6 (32... Rd8 33.
Nf4 Bc8 34. Nxg6 fxg6 35. f7+ Kxf7 36. Rxd8) 33. Nf4 Kh7 (33... Rd8 34. Nxg6
fxg6 35. Rxd8 Qxd8 36. Bxe6+) 34. e5 Bf3 35. Kf2 (35. Bxe6 fxe6 36. Rd7+ Qxd7 (
36... Kg8 37. Nxg6 Qxd7 38. Ne7+ Kf7 39. Qg6+ Kf8 40. Qg8#) 37. Qxg6#) 35...
Qc6 36. Rc4 1-0

[Event "Pamplona 9091 1st"]
[Site "Pamplona"]
[Date "1990.??.??"]
[Round "?"]
[White "Romero Holmes, Alfonso"]
[Black "Todorcevic, Miodrag"]
[Result "1-0"]
[WhiteElo "2475"]
[BlackElo "2540"]
[Annotator "King,D"]
[PlyCount "59"]
[EventDate "1990.12.??"]
[EventType "tourn"]
[EventRounds "9"]
[EventCountry "ESP"]
[EventCategory "12"]
[SourceTitle "CBM 021"]
[Source "ChessBase"]
[SourceDate "1991.04.01"]
[SourceVersion "1"]
[SourceVersionDate "1991.04.01"]
[SourceQuality "1"]

1. e4 g6 2. Nc3 Bg7 3. f4 d6 4. Nf3 Nf6 5. g3 O-O 6. Bg2 c6 (6... c5) 7. d3
Nbd7 8. O-O a5 9. h3 a4 10. a3 Qa5 11. g4 $36 e6 12. Qe1 h5 $2 13. Qg3 Qb6+ 14.
Kh1 hxg4 15. hxg4 Nh7 16. g5 $16 Re8 17. e5 Ra5 18. d4 d5 19. Nd1 c5 20. c3 Kf8
21. Ne3 Ke7 22. f5 Rh8 23. Nh4 gxf5 24. Nhxf5+ Kf8 25. Nd6 cxd4 26. Nxf7 dxe3
27. Bxe3 Qxb2 28. Nxh8+ Ke8 29. Nf7 Nhf8 30. g6 1-0

[Event "Salamanca"]
[Site "Salamanca"]
[Date "1991.??.??"]
[Round "10"]
[White "Sanz Alonso, Francisco Javier"]
[Black "Rivas Pastor, Manuel"]
[Result "1/2-1/2"]
[WhiteElo "2415"]
[BlackElo "2450"]
[Annotator "King,D"]
[PlyCount "28"]
[EventDate "1991.04.??"]
[EventType "tourn"]
[EventRounds "11"]
[EventCountry "ESP"]
[EventCategory "10"]
[SourceTitle "CBM 023"]
[Source "ChessBase"]
[SourceDate "1991.08.01"]
[SourceVersion "1"]
[SourceVersionDate "1991.08.01"]
[SourceQuality "1"]

1. e4 d6 2. d4 Nf6 3. Nc3 c6 4. a4 Qc7 5. Nf3 e5 6. Bc4 Bg4 7. dxe5 (7. Be3)
7... dxe5 8. h3 Bh5 9. Qe2 Bb4 10. Bd2 Nbd7 $10 {>< e4.} 11. O-O O-O 12. Bd3 a5
13. g4 Bg6 14. Nh4 Nc5 1/2-1/2

[Event "SUI-GP"]
[Site "Suhr"]
[Date "1991.??.??"]
[Round "8"]
[White "Rozentalis, Eduardas"]
[Black "Gavrikov, Viktor"]
[Result "1/2-1/2"]
[WhiteElo "2570"]
[BlackElo "2580"]
[Annotator "King,D"]
[PlyCount "58"]
[EventDate "1991.03.??"]
[EventType "tourn"]
[EventRounds "9"]
[EventCountry "SUI"]
[EventCategory "8"]
[SourceTitle "CBM 022"]
[Source "ChessBase"]
[SourceDate "1991.06.01"]
[SourceVersion "1"]
[SourceVersionDate "1991.06.01"]
[SourceQuality "1"]

1. e4 d6 2. d4 Nf6 3. Nc3 e5 4. dxe5 dxe5 5. Qxd8+ Kxd8 6. Bg5 (6. Bc4 $5 Be6
7. Bxe6 fxe6 $14) 6... Be6 7. g3 $10 Kc8 8. Bxf6 gxf6 9. Nd5 Nd7 10. Bh3 c6 11.
Ne3 Kc7 12. Bxe6 fxe6 13. Ne2 Bc5 14. Nc4 b5 15. Nd2 a5 16. Rf1 a4 17. f4 exf4
18. Nxf4 Kd6 19. Nd3 Ke7 20. Ke2 h5 21. Nf3 Rag8 22. Rfe1 Bd6 23. Rac1 c5 24.
c4 b4 25. Rcd1 Rg4 26. Kf2 Rf8 27. Re2 Rd8 28. b3 a3 29. Kg2 Bc7 1/2-1/2

[Event "Reggio Emilia Top16 33rd"]
[Site "Reggio Emilia"]
[Date "1991.??.??"]
[Round "?"]
[White "Kamsky, Gata"]
[Black "Gurevich, Mikhail"]
[Result "1/2-1/2"]
[WhiteElo "2640"]
[BlackElo "2650"]
[Annotator "King,D"]
[PlyCount "105"]
[EventDate "1991.01.??"]
[EventType "tourn"]
[EventRounds "14"]
[EventCountry "ITA"]
[EventCategory "16"]
[SourceTitle "CBM 022"]
[Source "ChessBase"]
[SourceDate "1991.06.01"]
[SourceVersion "1"]
[SourceVersionDate "1991.06.01"]
[SourceQuality "1"]

1. e4 d6 2. d4 Nf6 3. Nc3 g6 4. Be3 c6 5. Qd2 b5 6. f3 Bg7 (6... Nbd7) 7. Bh6 {
>= 7.0-0-0.} Bxh6 8. Qxh6 b4 9. Nd1 Qa5 10. Bd3 Ba6 11. Bxa6 Qxa6 12. Ne2 Nbd7
$132 13. Ne3 Rb8 14. b3 Rb5 15. Nc4 d5 16. exd5 cxd5 17. Nb2 e6 18. O-O Ke7 19.
c4 bxc3 20. Nxc3 Rb6 21. Nca4 Rc6 22. Qd2 Rhc8 23. Rac1 Rxc1 24. Rxc1 Rxc1+ 25.
Qxc1 Ne8 26. Qd2 Nd6 27. Nd3 Qb5 28. g4 h5 29. h3 hxg4 30. hxg4 Nb8 31. Ne5 Nc6
32. Nxc6+ Qxc6 33. Nc5 Qb6 34. Kg2 a5 35. a3 Nc8 36. Qc3 Na7 37. Qd2 Nc6 38.
Qe3 Qa7 39. Qg5+ Ke8 40. Qf4 Qb8 41. Qxb8+ Nxb8 42. Kf2 Nc6 43. Ke3 g5 44. Nd3
f6 45. b4 axb4 46. axb4 Na7 47. f4 gxf4+ 48. Nxf4 Ke7 49. Nh3 Nb5 50. g5 e5 51.
gxf6+ Kxf6 52. dxe5+ Kxe5 53. Ng5 1/2-1/2

[Event "Hoogovens"]
[Site "Wijk aan Zee"]
[Date "1991.01.??"]
[Round "11"]
[White "Van der Wiel, John"]
[Black "Chernin, Alexander"]
[Result "0-1"]
[WhiteElo "2530"]
[BlackElo "2610"]
[Annotator "King,D"]
[PlyCount "76"]
[EventDate "1991.01.??"]
[EventType "tourn"]
[EventRounds "13"]
[EventCountry "NED"]
[EventCategory "14"]
[SourceTitle "CBM 022"]
[Source "ChessBase"]
[SourceDate "1991.06.01"]
[SourceVersion "1"]
[SourceVersionDate "1991.06.01"]
[SourceQuality "1"]

1. e4 d6 2. d4 Nf6 3. Nc3 g6 4. Bg5 h6 5. Be3 a6 {5...a6 N.} 6. f3 b5 7. Qd2
Nbd7 8. a4 b4 9. Nd1 Rb8 10. Nh3 c5 11. dxc5 $13 (11. c3 $14) 11... Nxc5 12. e5
Bxh3 13. exf6 Bd7 14. fxe7 Bxe7 15. Bxh6 Bf6 16. Bf4 O-O 17. Bc4 Re8+ 18. Kf2
Nxa4 19. Qxd6 Rc8 20. Qxb4 Bb5 21. Bxb5 Rxc2+ 22. Kg3 axb5 23. Qxb5 {[#]} Be5
24. Qxe5 Rxe5 25. Rxa4 Ree2 26. Ne3 g5 27. Bxg5 Qd6+ 28. Kh3 Qd7+ 29. Rg4 f5
30. Rb4 Rxe3 31. Bxe3 f4+ 32. g4 fxe3 33. Re4 Qd2 34. Kh4 Rc7 35. Re5 Rh7+ 36.
Kg5 e2+ 37. f4 Rg7+ 38. Kh5 Qxf4 {(1.59/1.59)} 0-1

[Event "Toledo"]
[Site "Toledo"]
[Date "1991.??.??"]
[Round "1"]
[White "Izeta Txabarri, Felix"]
[Black "Franco Ocampos, Zenon"]
[Result "1/2-1/2"]
[WhiteElo "2385"]
[BlackElo "2495"]
[Annotator "King,D"]
[PlyCount "82"]
[EventDate "1991.02.??"]
[EventType "tourn"]
[EventRounds "9"]
[EventCountry "ESP"]
[EventCategory "8"]
[SourceTitle "CBM 022"]
[Source "ChessBase"]
[SourceDate "1991.06.01"]
[SourceVersion "1"]
[SourceVersionDate "1991.06.01"]
[SourceQuality "1"]

1. d4 d6 2. e4 g6 3. Nc3 Bg7 4. Be3 c6 5. Qd2 b5 6. h4 Nf6 (6... h5 7. Nh3 a6
8. Bd3 Nd7 9. Ne2 Ngf6 10. f3 Bb7 11. O-O e5 12. c3 $10 {Radulov-Polugaevsky
1968.}) 7. f3 h5 8. O-O-O Qa5 (8... Nbd7 9. e5 $1) 9. Kb1 Nbd7 10. Nh3 Nb6 11.
b3 Bxh3 12. Rxh3 Qb4 13. Qe1 O-O 14. Bc1 $14 Rfd8 15. g4 Rab8 16. gxh5 Nxh5 17.
f4 e5 18. a3 Qa5 19. dxe5 dxe5 20. Rxd8+ Rxd8 21. f5 Nd7 22. fxg6 fxg6 23. Rd3
Nc5 24. Rxd8+ Qxd8 25. Bh3 Nf4 26. Bg4 Qe7 27. Qg1 a5 28. Ka2 b4 29. Be3 Nxb3
30. Kxb3 bxc3 31. Qe1 Bf8 32. Bc1 Qb7+ 33. Ka2 Qf7+ 34. Ka1 Qc4 35. h5 gxh5 36.
Bf5 Bg7 37. Qd1 Bf6 38. Bxf4 exf4 39. Qxh5 Qf1+ 40. Ka2 Qc4+ 41. Ka1 Qf1+
1/2-1/2

[Event "Linares 09th"]
[Site "Linares"]
[Date "1991.??.??"]
[Round "7"]
[White "Ivanchuk, Vassily"]
[Black "Ehlvest, Jaan"]
[Result "1/2-1/2"]
[WhiteElo "2695"]
[BlackElo "2650"]
[Annotator "King,D"]
[PlyCount "80"]
[EventDate "1991.02.??"]
[EventType "tourn"]
[EventRounds "13"]
[EventCountry "ESP"]
[EventCategory "17"]
[SourceTitle "CBM 022"]
[Source "ChessBase"]
[SourceDate "1991.06.01"]
[SourceVersion "1"]
[SourceVersionDate "1991.06.01"]
[SourceQuality "1"]

1. e4 d6 2. d4 Nf6 3. Nc3 g6 4. g3 Bg7 5. Bg2 O-O 6. Nge2 e5 7. h3 c6 8. a4 Na6
9. Be3 exd4 10. Bxd4 Qe7 11. O-O Rd8 12. Re1 b6 13. g4 $14 Bb7 14. f4 Nb4 15.
Bf2 Ne8 16. Qd2 Nc7 17. Bd4 d5 18. exd5 Ncxd5 19. Nxd5 Nxd5 20. Bxg7 Kxg7 21.
Qd4+ Kg8 22. Nc3 Qb4 23. Qxb4 Nxb4 24. Be4 a5 25. Rad1 Ba6 26. Kf2 Bc4 27.
Rxd8+ Rxd8 28. Rd1 Rxd1 29. Nxd1 Kf8 30. Ne3 Be6 31. Ke1 Ke7 32. Kd2 Kd6 33. c3
Nd5 34. Nxd5 cxd5 35. Bd3 Bc8 36. Bb5 f6 37. Ke3 Kc5 38. Kd3 Be6 39. Ke3 Bc8
40. Kd3 Be6 1/2-1/2

[Event "Kerteminde"]
[Site "Kerteminde"]
[Date "1991.??.??"]
[Round "3"]
[White "Shirov, Alexei"]
[Black "Jansa, Vlastimil"]
[Result "1-0"]
[WhiteElo "2615"]
[BlackElo "2495"]
[Annotator "King,D"]
[PlyCount "79"]
[EventDate "1991.02.??"]
[EventType "tourn"]
[EventRounds "9"]
[EventCountry "DEN"]
[EventCategory "10"]
[SourceTitle "CBM 023"]
[Source "ChessBase"]
[SourceDate "1991.08.01"]
[SourceVersion "1"]
[SourceVersionDate "1991.08.01"]
[SourceQuality "1"]

1. d4 d6 2. e4 Nf6 3. Nc3 g6 4. Bg5 Bg7 5. f4 {White takes on a lot of
responsibility in this line. Black could take more direct measures to counter.
(5...h6).} c6 $6 (5... h6 6. Bh4 c5 7. e5 Nh5 8. dxc5 Nxf4 9. exd6 g5 10. Bf2
O-O 11. g3 Ng6 12. Qd2 exd6 13. O-O-O Qf6 14. cxd6 Bg4 15. Bd4 Ne5 $132 {
Mednis-Parma, Noristoun 1973.}) 6. Nf3 O-O 7. Bd3 (7. Qd2 {/\ 0-0-0. This
looks more promising than the game continuation.}) 7... Qb6 8. Qd2 Bg4 9. e5
Bxf3 10. gxf3 Nd5 11. Nxd5 cxd5 12. c3 f6 13. exf6 exf6 14. Bh4 Re8+ 15. Kf1 f5
16. Kg2 Nd7 17. a4 Nf6 18. a5 Qc6 19. a6 b6 20. Bxf6 Bxf6 21. h4 h5 22. Kh3 Kh7
23. Rhg1 Qd7 24. Rg2 Re6 25. Rag1 Bh8 26. Qc2 Rf8 27. Qb3 Re3 28. Qxd5 Rxd3 29.
Rxg6 Qf7 30. R6g5 Kh6 31. Qxd6+ Bf6 32. R1g3 Kh7 33. Rxf5 Re3 34. Qxf8 Qxf8 35.
Rxh5+ Qh6 36. Rxh6+ Kxh6 37. Kg4 Kg6 38. h5+ Kf7 39. Kf5 Re2 40. Rg6 1-0

[Event "Munich SKA"]
[Site "Munich"]
[Date "1991.05.06"]
[Round "3"]
[White "Polgar, Judit"]
[Black "Lobron, Eric"]
[Result "1-0"]
[WhiteElo "2540"]
[BlackElo "2545"]
[Annotator "King,D"]
[PlyCount "53"]
[EventDate "1991.05.04"]
[EventType "tourn"]
[EventRounds "13"]
[EventCountry "GER"]
[EventCategory "14"]
[SourceTitle "CBM 023"]
[Source "ChessBase"]
[SourceDate "1991.08.01"]
[SourceVersion "1"]
[SourceVersionDate "1991.08.01"]
[SourceQuality "1"]

1. e4 d6 2. d4 Nf6 3. Nc3 g6 4. Bg5 h6 5. Be3 c6 6. Qd2 b5 7. Bd3 {7.Bd3 N.} (
7. f3 Nbd7 8. a4 b4 9. Nd1 a5 10. Nf2 Bg7 11. Ngh3 Qc7 12. Rd1 Nb6 13. b3 {
Romanishin-Poutiainen, Yerevan 1976.}) 7... Ng4 8. Bf4 e5 9. dxe5 dxe5 10. Bg3
h5 (10... Nd7 11. Nf3 Qe7 12. Bxb5 cxb5 13. Nxb5 $146) 11. Nf3 h4 12. Bxe5 Nxe5
13. Nxe5 Qf6 14. f4 Bh6 (14... g5 $5 $44) 15. Ne2 Qxe5 16. fxe5 Bxd2+ 17. Kxd2
Rh5 18. Rhf1 $14 a6 19. a4 b4 20. Bc4 Ra7 21. e6 Bxe6 22. Bxe6 fxe6 23. Rf6 Rg5
24. Raf1 Rd7+ 25. Ke3 Kd8 26. Nf4 Kc8 27. Rxg6 1-0

[Event "Candidates m4"]
[Site "Sarajevo"]
[Date "1991.??.??"]
[Round "3"]
[White "Gelfand, Boris"]
[Black "Nikolic, Predrag"]
[Result "1-0"]
[WhiteElo "2700"]
[BlackElo "2620"]
[Annotator "King,D"]
[PlyCount "129"]
[EventDate "1991.01.??"]
[EventType "match"]
[EventRounds "8"]
[EventCountry "BIH"]
[SourceTitle "Candidates"]
[Source "ChessBase"]
[SourceDate "1999.07.01"]
[SourceVersion "2"]
[SourceVersionDate "1999.07.01"]
[SourceQuality "1"]

1. e4 d6 2. d4 Nf6 3. Nc3 g6 4. Be3 Bg7 5. Qd2 c6 6. f3 Qa5 (6... b5) 7. g4 h5
{>= 7...b5 - Gelfand-Nikolic (05).} 8. g5 Nh7 9. f4 $14 O-O 10. Nf3 e5 11.
O-O-O exf4 12. Bxf4 d5 13. Kb1 Be6 14. exd5 cxd5 15. Nb5 Qxd2 16. Rxd2 Nc6 17.
Nc7 Rad8 18. Bg2 Bf5 19. Nh4 Be4 20. Bxe4 dxe4 21. c3 Rd7 22. Re1 Nxg5 23. Bxg5
Rxc7 24. Rxe4 Na5 25. Rde2 Rd7 26. Bf4 Nc6 27. Kc2 Rfd8 28. Re8+ Bf8 29. Bg5
Rxe8 30. Rxe8 Kg7 31. Nf3 Bd6 32. d5 Ne7 33. c4 Nf5 34. Bd2 f6 35. Bc3 Kf7 36.
Re6 Be7 37. Nd2 g5 38. Kd3 Nh4 39. Ne4 Ng6 40. Nxf6 Nf4+ 41. Ke3 Rd8 42. Rxe7+
Kxe7 43. Ne4 Nxd5+ 44. cxd5 Rxd5 45. Bf6+ Ke6 46. Bxg5 Rd1 47. Nc5+ Kf5 48. h4
b6 49. Nd3 Rg1 50. Kd4 Rg4+ 51. Kd5 Rxg5 52. hxg5 Kxg5 53. Ke4 Kg4 54. Ne5+ Kg3
55. Nf3 Kf2 56. b4 Ke2 57. b5 Kd1 58. Nd4 Kc1 59. Nc6 Kb2 60. Kf5 Kxa2 61. Nxa7
Kb3 62. Kg5 Kc4 63. Kxh5 Kd5 64. Kg6 Ke6 65. Kg7 1-0

[Event "Oslo Cup"]
[Site "Oslo"]
[Date "1991.??.??"]
[Round "1"]
[White "Tisdall, Jonathan D"]
[Black "Jansa, Vlastimil"]
[Result "1-0"]
[WhiteElo "2435"]
[BlackElo "2495"]
[Annotator "King,D"]
[PlyCount "87"]
[EventDate "1991.03.??"]
[EventType "tourn"]
[EventRounds "9"]
[EventCountry "NOR"]
[EventCategory "9"]
[SourceTitle "CBM 023"]
[Source "ChessBase"]
[SourceDate "1991.08.01"]
[SourceVersion "1"]
[SourceVersionDate "1991.08.01"]
[SourceQuality "1"]

1. d4 d6 2. e4 Nf6 3. Nc3 c6 4. a4 Qa5 (4... e5 $5) 5. f3 e5 6. Nge2 Nbd7 7. g4
{Jonathan Tisdall plays a truly heroic game. In every position, he strives to
find the best move; a wonderful victory.} h6 8. Bg2 d5 9. exd5 Nxd5 10. O-O
Nxc3 11. Nxc3 Be7 12. Ne4 O-O 13. Bd2 Qb6 14. Bc3 a5 15. Kh1 Rd8 16. f4 exf4
17. Rxf4 Nf8 18. Qf3 Be6 19. Rf1 f6 20. Rxf6 gxf6 21. Nxf6+ Bxf6 22. Qxf6 Rd5
23. Qxh6 Qd8 24. Rxf8+ Qxf8 25. Qxe6+ Kh8 26. g5 Re8 27. Qg4 Kg8 28. h4 Qf5 29.
Bxd5+ Qxd5+ 30. Kh2 b6 31. h5 Qd6+ 32. Kg2 Qd5+ 33. Kh2 Qe4 34. Qxe4 Rxe4 35.
Kg3 Re2 36. g6 Kg7 37. d5+ Kh6 38. dxc6 Kxh5 39. g7 Re8 40. Kf4 Kg6 41. Be5 Kf7
42. Kf5 Ke7 43. c7 Kd7 44. Kg6 1-0

[Event "Munich SKA"]
[Site "Munich"]
[Date "1991.05.11"]
[Round "7"]
[White "Yudasin, Leonid"]
[Black "Anand, Viswanathan"]
[Result "0-1"]
[WhiteElo "2645"]
[BlackElo "2635"]
[Annotator "King,D"]
[PlyCount "82"]
[EventDate "1991.05.04"]
[EventType "tourn"]
[EventRounds "13"]
[EventCountry "GER"]
[EventCategory "14"]
[SourceTitle "CBM 023"]
[Source "ChessBase"]
[SourceDate "1991.08.01"]
[SourceVersion "1"]
[SourceVersionDate "1991.08.01"]
[SourceQuality "1"]

1. e4 d6 2. d4 Nf6 3. Nc3 g6 4. Be3 Bg7 5. Qd2 O-O 6. O-O-O c6 7. f3 b5 8. g4
Qa5 9. Kb1 Be6 $5 {This line had been thought to give white a rather too
automatic attack, but Anand creates quick counterplay in the form of a pawn
sacrifice.} 10. b3 b4 11. Na4 c5 $5 12. g5 (12. dxc5 Nc6 $44 {With
compensation: white's kingside is under-developed, and the long diagonal has
been opened.}) 12... Nh5 13. dxc5 Nc6 14. Bh3 Rad8 15. Bxe6 fxe6 16. Qc1 dxc5
17. Rxd8 Qxd8 18. Nxc5 Qd6 19. Nd3 Ne5 20. Bc5 Qc7 21. Ne2 a5 22. Bd4 Rxf3 23.
Nc5 Qc8 24. Rd1 Ng4 25. Qd2 Nxh2 26. Bxg7 Nxg7 27. Nd4 Rf1 28. Na4 e5 29. Nb5
Nf3 30. Qd5+ e6 31. Qd3 Rxd1+ 32. Qxd1 Nxg5 33. Nd6 Qd8 34. Qd3 h5 35. Nc5 h4
36. Ncb7 Qb6 37. Nc4 Qg1+ 38. Kb2 Qd4+ 39. Qxd4 exd4 40. Nd2 Nh5 41. Nf1 Nf3
0-1

[Event "Hoogovens"]
[Site "Wijk aan Zee"]
[Date "1991.01.??"]
[Round "10"]
[White "Fedorowicz, John P"]
[Black "Hansen, Curt"]
[Result "0-1"]
[WhiteElo "2555"]
[BlackElo "2565"]
[Annotator "King,D"]
[PlyCount "70"]
[EventDate "1991.01.??"]
[EventType "tourn"]
[EventRounds "13"]
[EventCountry "NED"]
[EventCategory "14"]
[SourceTitle "CBM 022"]
[Source "ChessBase"]
[SourceDate "1991.06.01"]
[SourceVersion "1"]
[SourceVersionDate "1991.06.01"]
[SourceQuality "1"]

1. e4 d6 2. d4 Nf6 3. f3 d5 $5 (3... g6 4. c4 {- E 80.}) 4. e5 Ng8 {4...Nfd7?!
5.f4 e6 6.Nf3 c5 7.c3! +/=.} 5. Ne2 c5 6. dxc5 e6 7. Be3 Nd7 8. f4 Nh6 9. Ng3
Bxc5 10. Bxc5 Nxc5 11. Nc3 Bd7 12. Qd2 O-O 13. O-O-O $14 Qa5 14. Kb1 Rfc8 15.
Bd3 b5 16. Nh5 b4 17. Ne2 Bb5 18. g4 Bc4 19. Bxc4 Ne4 20. Qe3 Rxc4 21. Rhg1
Rxc2 22. Kxc2 Qxa2 23. Rc1 b3+ 24. Kd1 Qxb2 25. Ke1 a5 26. f5 a4 27. Nxg7 Qxe5
28. Nh5 b2 29. Rd1 a3 30. Qxh6 a2 31. g5 Kh8 32. g6 fxg6 33. fxg6 Qc7 34. g7+
Kg8 35. Qxe6+ Qf7 {(2.00/1.58)} 0-1

[Event "Munich SKA"]
[Site "Munich"]
[Date "1991.05.06"]
[Round "3"]
[White "Nunn, John DM"]
[Black "Gelfand, Boris"]
[Result "1-0"]
[WhiteElo "2600"]
[BlackElo "2700"]
[Annotator "King,D"]
[PlyCount "69"]
[EventDate "1991.05.04"]
[EventType "tourn"]
[EventRounds "13"]
[EventCountry "GER"]
[EventCategory "14"]
[SourceTitle "CBM 023"]
[Source "ChessBase"]
[SourceDate "1991.08.01"]
[SourceVersion "1"]
[SourceVersionDate "1991.08.01"]
[SourceQuality "1"]

1. e4 d6 2. d4 Nf6 3. Nc3 g6 4. Be3 c6 5. Qd2 b5 6. Bd3 Nbd7 7. Nf3 e5 8. dxe5
dxe5 9. h3 Bg7 (9... Bb7 $5 10. a4 a6) 10. a4 b4 11. Ne2 a5 12. c3 c5 13. cxb4
cxb4 14. O-O O-O 15. Rfd1 Bb7 16. Bb5 $16 Qb8 17. Ng3 Rc8 18. Rac1 Rxc1 19.
Rxc1 Nf8 20. Bc4 Ne6 21. Bxe6 fxe6 22. Ng5 Ra6 23. Rd1 h6 24. Qd8+ Qxd8 25.
Rxd8+ Bf8 26. Rb8 hxg5 27. Rxb7 Rd6 28. Rb5 Rd1+ 29. Kh2 Rb1 30. Rxe5 Bd6 31.
Rxe6 Bxg3+ 32. Kxg3 Kf7 33. Ra6 Nxe4+ 34. Kf3 Nf6 35. Bd4 1-0

[Event "Frankfurt"]
[Site "Frankfurt"]
[Date "1990.??.??"]
[Round "?"]
[White "Horvath, Tamas"]
[Black "Alber, Horst"]
[Result "1-0"]
[WhiteElo "2415"]
[BlackElo "2340"]
[Annotator "King,D"]
[PlyCount "103"]
[EventDate "1990.??.??"]
[EventType "tourn"]
[EventRounds "13"]
[EventCountry "GER"]
[EventCategory "7"]
[SourceTitle "CBM 020"]
[Source "ChessBase"]
[SourceDate "1991.02.01"]
[SourceVersion "1"]
[SourceVersionDate "1991.02.01"]
[SourceQuality "1"]

1. e4 g6 2. d4 Bg7 3. Nf3 d6 4. c3 Nf6 5. Nbd2 O-O 6. Be2 c5 7. dxc5 dxc5 8.
O-O Nc6 9. Qc2 Qc7 $1 $10 10. Re1 h6 11. a4 Na5 $6 {>= 11...Be6; 11...b6, both
equal.} 12. e5 Ng4 13. Qe4 Bf5 14. Qf4 Nxe5 15. Nxe5 Qxe5 16. Qxe5 Bxe5 17. Nc4
Nxc4 18. Bxc4 Bf6 19. Bxh6 Rfd8 20. Be3 Rac8 21. Kf1 a6 22. Ke2 b5 23. axb5
axb5 24. Bxb5 Rb8 25. c4 Bxb2 26. Ra7 Bd3+ 27. Kf3 Bc3 28. Rc1 Bb2 29. Rd1 e5
30. Bxc5 e4+ 31. Kf4 Rdc8 32. Be3 f6 33. f3 Be5+ 34. Kg4 Rd8 35. Rd2 Bc3 36.
Rf2 f5+ 37. Kg5 Rd6 38. f4 Bf6+ 39. Kh6 Bd8 40. Rg7+ Kh8 41. Rh7+ Kg8 42. Rg7+
Kh8 43. c5 Re6 44. Bd7 Rf6 45. Rxg6 Rb4 46. Rxf6 Bxf6 47. Ra2 Rb8 48. c6 Bc4
49. c7 Rg8 50. Rc2 Rg4 51. c8=Q+ Rg8 52. Qxg8+ 1-0